Clash points. (Record no. 60880)
[ view plain ]
| 000 -LEADER | |
|---|---|
| fixed length control field | 01133cam a2200229 4500 |
| 001 - CONTROL NUMBER | |
| control field | ABS61175 |
| 008 - FIXED-LENGTH DATA ELEMENTS--GENERAL INFORMATION | |
| fixed length control field | 000000n1999 000 0 eng u |
| 035 ## - SYSTEM CONTROL NUMBER | |
| System control number | (Sirsi) u101765 |
| 100 ## - MAIN ENTRY--PERSONAL NAME | |
| Personal name | Minogue, A. |
| 245 ## - TITLE STATEMENT | |
| Title | Clash points. |
| 260 ## - PUBLICATION, DISTRIBUTION, ETC. | |
| Date of publication, distribution, etc. | 1999 |
| 490 ## - SERIES STATEMENT | |
| Series statement | Building |
| Volume/sequential designation | 264(8105) 24 September 1999, 58(1) |
| 520 ## - SUMMARY, ETC. | |
| Summary, etc. | Briefly reviews three recent cases looking at the impact of the new Civil Procedure Rules (CPR) on subcontract litigation. In Stevens v Gullis and another an expert witness was criticised for being too adversarial; in Burrells Wharf Freeholds Ltd v Galliard Homes Ltd an unwillingness to share information was criticised; and in Mars UK Ltd v Teknowledge Ltd a claim with limited prospects of success substantially reduced the award. Argues that the reforms are enabling the courts to deal with cases justly. |
| 650 ## - SUBJECT ADDED ENTRY--TOPICAL TERM | |
| Topical term or geographic name entry element | CIVIL PROCEDURE RULES |
| 650 ## - SUBJECT ADDED ENTRY--TOPICAL TERM | |
| Topical term or geographic name entry element | SUBCONTRACTS |
| 650 ## - SUBJECT ADDED ENTRY--TOPICAL TERM | |
| Topical term or geographic name entry element | LITIGATION |
| 650 ## - SUBJECT ADDED ENTRY--TOPICAL TERM | |
| Topical term or geographic name entry element | STEVENS V GULLIS AND ANOTHER |
| 650 ## - SUBJECT ADDED ENTRY--TOPICAL TERM | |
| Topical term or geographic name entry element | BURRELLS WHARF FREEHOLDS LTD V GALLIARD HOMES LTD |
| 690 ## - LOCAL SUBJECT ADDED ENTRY--TOPICAL TERM (OCLC, RLIN) | |
| Topical term or geographic name as entry element | BUILT ENVIRONMENT-BUILDING CONTRACT FORMS |
| 700 ## - ADDED ENTRY--PERSONAL NAME | |
| Personal name | Klein, R. |
| 942 ## - ADDED ENTRY ELEMENTS (KOHA) | |
| Suppress in OPAC | 0 |
| Withdrawn status | Lost status | Source of classification or shelving scheme | Damaged status | Not for loan | Home library | Current library | Shelving location | Date acquired | Total Checkouts | Full call number | Barcode | Date last seen | Copy number | Price effective from | Koha item type |
|---|---|---|---|---|---|---|---|---|---|---|---|---|---|---|---|
| Dewey Decimal Classification | London | London | Journal article | 11/11/1999 | ABS61175 | 101765-1001 | 06/08/2019 | 1 | 06/08/2019 | Journal article |